Estadísticas para Las 10 provincias españolas con mayor densidad de población

Haz click aquí para intentar la prueba.

Estadísticas generales

  • Esta prueba ha sido intentada 82 veces
  • La puntuación promedio es 8 de 10

Estadísticas de respuestas

Densidad de poblaciónInicialProvincia% Correcto
716,76BBarcelona
100%
805,66MMadrid
100%
235,43VValencia
100%
315,71AAlicante
79%
223,01MMálaga
79%
517,63VVizcaya
76%
221,84IIslas Baleares
72%
270,06LLas Palmas
72%
359,46GGuipúzcoa
71%
296,99SSanta Cruz de Tenerife
56%

Distribución de puntuación

Porcentaje por número respondido

Porcentaje de gente con cada puntuación

Historial de tus puntuaciones

No has intentado esta prueba.